Premier League 2019-2020 top scorers - Statistics

General Stats
  • This quiz has been taken 25 times
  • The average score is 16 of 25
Answer Stats
Goals Answer % Correct
23 Jamie Vardy
100%
23 Pierre-Emerick Aubameyang
100%
18 Harry Kane
91%
19 Mo Salah
91%
22 Danny Ings
86%
18 Sadio Mane
86%
17 Anthony Martial
82%
17 Marcus Rashford
82%
20 Raheem Sterling
77%
10 Alexandre Lacazette
73%
16 Sergio Aguero
73%
15 Tammy Abraham
73%
11 Heung-Min Son
64%
13 Kevin De Bruyne
64%
11 Riyad Mahrez
64%
17 Raul Jimenez
55%
11 Teemu Pukki
55%
14 Gabriel Jesus
50%
14 Chris Wood
41%
13 Dominic Calvert-Lewin
41%
10 Mason Greenwood
41%
13 Richarlison
32%
10 Troy Deeney
32%
10 Michail Antonio
18%
10 Neal Maupay
14%
No matching quizzes found
Score Distribution
Percent of People with Each Score
Percentile by Number Answered
Your Score History
You have not taken this quiz